| 000 | 01012cam a2200265 a 4500 | ||
|---|---|---|---|
| 001 | 4888163 | ||
| 005 | 20151110115006.0 | ||
| 008 | 930204s1993 pau 000 0 eng | ||
| 010 | _a 93022092 | ||
| 020 | _a1556350198 | ||
| 040 |
_aDLC _cDLC _dDLC |
||
| 050 | 1 | 0 |
_aBR65.I71 _bA3 1993 |
| 082 | 0 | 0 |
_a239/.3 _220 |
| 100 | 1 |
_aBattles, Ford Lewis. _920898 |
|
| 245 | 1 | 0 |
_aIrenaeus, Against heresies, Clement of Alexandria, The exhortation to the Greeks and Quis dives salvetur? / _cFord Lewis Battles. |
| 260 |
_aAllison Park, Pa. : _bPickwick Publications, _c1993. |
||
| 300 |
_a80 p. ; _c22 cm. |
||
| 490 | 1 |
_aStudy outlines ; _vno. 2-3 |
|
| 650 | 0 |
_aIrenaeus _xAgainst heresies _920902 |
|
| 650 | 0 |
_aClement and Alexandria _xExhortation to the Greeks _920903 |
|
| 830 | 0 |
_aStudy outline (Allison Park, Pa.) ; _v2-3. _920904 |
|
| 906 |
_a7 _bcbc _corignew _d1 _eocip _f19 _gy-gencatlg |
||
| 942 |
_2lcc _cMONOGRAPH |
||
| 999 |
_c123731 _d123731 |
||